00277nam a2200121Ia 4500008004100000082001700041100001600058245002500074250000800099260002100107300001000128650001700138150201s2010 xx 000 0 und d a616.01bM10A aARORA, D.R. aMEDICAL PARASITOLOGY a3RD bCBSaDELHIc2010 a1-271 aMICROBIOLOGY